Statistics, Econometrics and Forecasting : (Record no. 612975)

MARC details
000 -LEADER
fixed length control field 00537nam a2200193 a 4500
008 - FIXED-LENGTH DATA ELEMENTS--GENERAL INFORMATION
fixed length control field 260217s2004##################000#0#eng##
020 ## - INTERNATIONAL STANDARD BOOK NUMBER
ISBN 9780521540445
082 04 - DEWEY DECIMAL CLASSIFICATION NUMBER
Classification number 330.015195
Item number ZEL
100 1# - MAIN ENTRY--AUTHOR NAME
Personal name Zellner, Arnold,
245 10 - TITLE STATEMENT
Title Statistics, Econometrics and Forecasting :
260 ## - PUBLICATION, DISTRIBUTION, ETC. (IMPRINT)
Name of publisher Cambridge University Press,
Year of publication 2004.
300 ## - PHYSICAL DESCRIPTION
Number of Pages 186 pages
650 #0 - SUBJECT ADDED ENTRY--TOPICAL TERM
Topical Term Business & Economics.
942 ## - ADDED ENTRY ELEMENTS (KOHA)
Koha item type English Books
Holdings
Withdrawn status Lost status Damaged status Not for loan Home library Current library Shelving location Date acquired Full call number Accession Number Price effective from Koha item type
        Anna Centenary Library Anna Centenary Library 4TH FLOOR, A WING 17.02.2026 330.015195 ZEL 232601 17.02.2026 English Books

Find us on the map